00871nam a22002775a 450000100090000000300040000900500170001300800410003001000170007102000150008804000130010304200100011604300120012605000240013808200270016210000260018924500520021525000120026726001360027930000250041550400510044052100210049152600190051254100060053156200560053714231849OSt20140310182856.0060117s2005 ph a b 001 0 eng  a 2005436256 a9718527559 aDLCcDLC alcode aa-ph--- aHC 460b.V732 2001  aFIL 338.9b.V732 2001 1 aVillegas, Bernardo M.14aThe Philippine advantagecVillegas, Bernardo M. a2nd ed. aMetro Manila, PhilippinesbUniversity of Asia and the Pacific in cooperation with Shell Companies in the Philippines and INGcc2001 a342 p.bill.c22 cm. aIncludes bibliographical references and index. aCollege Students c1210L to 1700L j1 eFor Circulation. 1 Copy Available in the Collection